000 00547nam a2200193Ia 4500
005 20250508151107.0
008 008 250505s9999 xx 000 0 eng d
037 _aTextual
040 _aFEDL
_beng
_cFEDL
041 _aeng
_2eng
084 _a371.26, BEE
_qFEDL
100 _aBeecher Dwight E
_9758408
245 0 _aEvaluation of teaching : Background and concepts
260 _c1949
300 _axi,105p
650 _aEducational Test and Measurements
_9577435
942 _cTEXL
_h371.26, BEE
999 _c1327550
_d1327550